Tilastot visalle Viisi väkirikkainta kaupunkia maanosittain

Klikkaa tästä pelataksesi tätä visaa!

Yleistilastot

  • Tätä visaa on pelattu 643 kertaa
  • Keskiarvotulos 19 / 30

Vastaustilastot

MaanosaVäkilukuKaupunki% Oikein
Eurooppa11,4 milj.Pariisi
95%
Eurooppa14,8 milj.Lontoo
94%
Eurooppa18,8 milj.Moskova
89%
Pohjois-Amerikka23,1 milj.New York
89%
Aasia40,4 milj.Tokio
86%
Pohjois-Amerikka17,7 milj.Los Angeles
80%
Eurooppa6,85 milj.Madrid
80%
Oseania4,93 milj.Sydney
80%
Afrikka22,2 milj.Kairo
75%
Etelä-Amerikka13,4 milj.Rio de Janeiro
74%
Pohjois-Amerikka24,9 milj.México
71%
Aasia40,0 milj.Shanghai
68%
Etelä-Amerikka16,7 milj.Buenos Aires
67%
Oseania4,95 milj.Melbourne
63%
Aasia33,4 milj.Delhi
59%
Eurooppa16,2 milj.Istanbul
57%
Etelä-Amerikka23,0 milj.São Paulo
57%
Etelä-Amerikka10,0 milj.Bogotá
54%
Etelä-Amerikka11,6 milj.Lima
53%
Pohjois-Amerikka9,90 milj.Chicago
51%
Afrikka14,8 milj.Johannesburg
51%
Afrikka21,4 milj.Lagos
50%
Aasia28,9 milj.Jakarta
47%
Pohjois-Amerikka8,80 milj.Washington D.C.
47%
Oseania2,23 milj.Perth
45%
Afrikka15,0 milj.Kinshasa
39%
Oseania1,45 milj.Auckland
38%
Aasia67,8 milj.Kanton
35%
Oseania3,28 milj.Brisbane
34%
Afrikka9,00 milj.Luanda
23%

Tulosjakauma

Persentiili vastausten määrän mukaan

Jokaisen tuloksen saaneiden osuus

Tuloshistoriasi

Et ole pelannut tätä visaa